Gandhian satyagraha and his chmparan movement / (Record no. 151150)

MARC details
000 -LEADER
fixed length control field 00758nam a22002057a 4500
005 - DATE AND TIME OF LATEST TRANSACTION
control field 20180413102649.0
010 ## - LCCN (DPL NO)
LC control number B-690858-859
020 ## - INTERNATIONAL STANDARD BOOK NUMBER
International Standard Book Number 9788184550900
Terms of availability 550.00
035 ## - SYSTEM CONTROL NUMBER
System control number B-690858-859
037 ## - SOURCE OF ACQUISITION
Source of stock number/acquisition Omega Pub.
Stock number dpl
082 ## - DEWEY DECIMAL CLASSIFICATION NUMBER
Classification number 954.035
100 ## - MAIN ENTRY--PERSONAL NAME
Personal name Shukla, S.K.
245 ## - TITLE STATEMENT
Title Gandhian satyagraha and his chmparan movement /
Statement of responsibility, etc by S.K.Shukla
260 ## - PUBLICATION, DISTRIBUTION, ETC. (IMPRINT)
Place of publication, distribution, etc New Delhi
Name of publisher, distributor, etc Omega pub.
Date of publication, distribution, etc 2008
270 ## - ADDRESS
Address 4378/4-B JMD house, Ansari Road, Daryaganj,
City New Delhi
Postal code 110002
300 ## - PHYSICAL DESCRIPTION
Extent 206p
Dimensions 22cm(Hb)
500 ## - GENERAL NOTE
General note Balidani
942 ## - ADDED ENTRY ELEMENTS (KOHA)
Source of classification or shelving scheme Dewey Decimal Classification
Item type English Books
Call number suffix SHU
Classification part 954.035
Holdings
Withdrawn status Lost status Not for loan Collection code Home library Current library Date acquired Source of acquisition Cost, normal purchase price Full call number Barcode Copy number Cost, replacement price Koha item type
      Non-fiction Central Library Central Library 13/04/2018 Omega 753/27.02.2018/794/19.02.2018/12.03.2018 550.00 954.035 SHU B-690858 1 550.00 English Books
      Non-fiction Sarojini Nagar Sarojini Nagar 13/04/2018 Omega 753/27.02.2018/794/19.02.2018/12.03.2018 550.00 954.035 SHU B-690859 1 550.00 English Books

© Delhi Public Library
Hit Counter
free hit counter